[Event "Box Hill op"]
[Site "Box Hill"]
[Date "2019.11.29"]
[Round "6"]
[White "Balasubramanian, Mangalaganesh"]
[Black "Chen, Paula"]
[Result "0-1"]
[WhiteElo "1306"]
[BlackElo "1483"]
[PlyCount "58"]
[EventDate "2019.10.18"]
[EventType "swiss"]
[EventRounds "9"]
[EventCountry "AUS"]
[SourceTitle "EXT 2021"]
[Source "ChessBase"]
[SourceDate "2020.10.23"]
[SourceVersion "1"]
[SourceVersionDate "2020.10.23"]
[SourceQuality "1"]

1. e4 e5 2. Nf3 Nc6 3. Bb5 d6 4. 0-0 Bd7 5. c3 g6 6. d3 Bg7 7. Re1 Nge7 8. Nbd2 0-0 9. Nf1 f5 10. exf5 gxf5 11. Ng5 Qe8 12. d4 e4 13. Bf4 Kh8 14. d5 Nd8 15. Bxd7 Qxd7 16. Qh5 h6 17. c4 Qe8 18. Qh3 Ng6 19. Bd2 Ne5 20. Nxe4 fxe4 21. Rxe4 Qg6 22. Rae1 Nf3+ 23. Kh1 Nxe1 24. Rg4 Qh7 25. Bxe1 Nf7 26. Rxg7 Qxg7 27. Bc3 Ne5 28. g3 Kh7 29. f4 Qg4 0-1